Information and learning science

Detalles Bibliográficos
Título anterior:New library world (Online)
Autor Corporativo: Emerald (Firm)
Formato: Electrónico Revista
Lenguaje:inglés
Publicado: West Yorkshire, England : Emerald Publishing, 2017-
Materias:
Acceso en línea:Full text available from Research Library: 01/01/2017 to 1 year ago

MARC

LEADER 00000nas a2200000 i 4500
001 ssj0002019397
003 WaSeSS
005 20200512172242.0
006 m d
007 cr n
008 170301c20179999enkmx p s 0 a0eng c
010 |a  2018268551 
016 7 |a 017865823  |2 Uk 
022 |a 2398-5356  |l 2398-5348  |y 2398-5348 
035 |a (WaSeSS)ssj0002019397 
037 |b Emerald Publishing Limited, Howard House, Wagon Lane, Bingley BD16 1WA, United Kingdom 
040 |a NRC  |b eng  |e pn  |c NRC  |d OCLCF  |d WEA  |d MOU  |d TXA  |d SERSO  |d DLC  |d OCLCO  |d UKMGB  |d VT2  |d AU@  |d OCL  |d WaSeSS 
042 |a pcc 
050 0 0 |a Z671 
222 0 |a Information and learning science  |b (Online) 
245 0 0 |a Information and learning science  |h [electronic resource]. 
246 1 |a ILS 
260 |a West Yorkshire, England :  |b Emerald Publishing,  |c 2017- 
310 |a Twelve numbers a year 
362 1 |a Began with Volume 118, Number 1/2 (2017). 
506 |a License restrictions may limit access. 
515 |a Each volume consists of two numbers. 
588 |a Description based on Volume 118, Number 1/2 (2017); title from editorial PDF (publisher's website, viewed September 4, 2017). 
588 |a Latest issue consulted: Volume 119, Number 7/8 (2018) (Emerald Insight website, viewed October 29, 2018). 
650 0 |a Library science  |v Periodicals. 
650 0 |a Information science  |v Periodicals. 
650 7 |a Information science.  |2 fast  |0 (OCoLC)fst00972640 
650 7 |a Library science.  |2 fast  |0 (OCoLC)fst00997916 
655 0 |a Electronic journals. 
710 2 |a Emerald (Firm) 
776 0 8 |i Print version:  |t Information and learning science  |x 2398-5348 
780 0 0 |t New library world (Online)  |x 1758-6909  |w (DLC) 2002238795  |w (OCoLC)41228531 
850 |a DLC 
856 4 0 |z Full text available from Research Library: 01/01/2017 to 1 year ago  |u https://search.proquest.com/publication/49204